00375pam a2200133 a 4500020002000000041000800020082001600028100002300044245007700067260003000144300000900174653003900183700001900222 a0-8247-4774-7c aeng a615.19bBUL aBultinck, Patrick. aComputational Medicinal Chemistry for Drug Discovery hTextual Documents aNew YorkbCRC Pressc2009 a794. aPharmaceutical/Medicinal Chemistry aWinter, Hans .